[Event "GRE-chT 43rd"]
[Site "Porto Rio"]
[Date "2015.10.08"]
[Round "1.7"]
[White "Kirgeridis, Panagiotis"]
[Black "Papakonstantinou, Dimitrios"]
[Result "1-0"]
[WhiteElo "2051"]
[BlackElo "2061"]
[PlyCount "83"]
[EventDate "2015.10.08"]
[EventType "team-swiss"]
[EventRounds "7"]
[EventCountry "GRE"]
[SourceTitle "CBM 168 Extra"]
[Source "ChessBase"]
[SourceDate "2015.10.29"]
[SourceVersion "1"]
[SourceVersionDate "2015.10.29"]
[SourceQuality "1"]
[WhiteTeam "Polichnis"]
[BlackTeam "Orekastro Marion"]
[WhiteTeamCountry "GRE"]
[BlackTeamCountry "GRE"]

1. d4 Nf6 2. c4 g6 3. Nc3 Bg7 4. e4 d6 5. Nge2 Nbd7 6. f3 a6 7. Be3 c5 8. d5 Ne5 9. Ng3 h5 10. Be2 e6 11. a4 0-0 12. 0-0 exd5 13. cxd5 h4 14. Nh1 Nh7 15. f4 Nd7 16. Qd2 f5 17. Nf2 Re8 18. Bd3 Ndf6 19. Rae1 Qb6 20. Kh1 Bd7 21. Qc2 Rac8 22. Re2 Nf8 23. Rfe1 Qb4 24. b3 Ng4 25. Bd2 Nxf2+ 26. Rxf2 Qd4 27. Rfe2 h3 28. gxh3 Qf6 29. e5 Qh4 30. Bc4 Rb8 31. e6 Bc8 32. Qd3 Nh7 33. Rg1 Qh5 34. Qg3 b5 35. axb5 axb5 36. Nxb5 Ba6 37. Qxg6 Qxg6 38. Rxg6 Nf8 39. Rxg7+ Kxg7 40. Nxd6 Red8 41. Nxf5+ Kf6 42. Bxa6 1-0

[Event "GRE-chT 40th"]
[Site "Achaia"]
[Date "2012.07.02"]
[Round "4.12"]
[White "Diatsintos, Apostolos"]
[Black "Kirgeridis, Panagiotis"]
[Result "0-1"]
[WhiteElo "1930"]
[BlackElo "2037"]
[PlyCount "48"]
[EventDate "2012.06.30"]
[EventType "team-swiss"]
[EventRounds "7"]
[EventCountry "GRE"]
[SourceTitle "CBM 149 Extra"]
[Source "ChessBase"]
[SourceDate "2012.08.24"]
[SourceVersion "1"]
[SourceVersionDate "2012.08.24"]
[SourceQuality "1"]
[WhiteTeam "Pan GA"]
[BlackTeam "Polichnis"]
[WhiteTeamCountry "GRE"]
[BlackTeamCountry "GRE"]

1. e4 c5 2. Nf3 e6 3. d4 cxd4 4. Nxd4 Nf6 5. Nc3 d6 6. Be2 a6 7. Be3 Qc7 8. 0-0 Be7 9. Qd2 Nbd7 10. f4 b5 11. Bf3 Bb7 12. a3 0-0 13. Nb3 Rac8 14. g4 Nb6 15. Na5 Ba8 16. g5 Nfd7 17. Rad1 Nc5 18. Rf2 Nca4 19. Bxb6 Nxb6 20. Na2 d5 21. Re2 dxe4 22. Rxe4 Bxe4 23. Bxe4 Rfd8 24. Bd3 Nc4 0-1

[Event "GRE-chT 37th"]
[Site "Kallithea"]
[Date "2009.07.05"]
[Round "4"]
[White "Kirgeridis, Panagiotis"]
[Black "Serntedakis, Athanasios"]
[Result "1-0"]
[WhiteElo "2039"]
[BlackElo "1960"]
[PlyCount "127"]
[EventDate "2009.07.03"]
[EventType "team-tourn"]
[EventRounds "9"]
[EventCountry "GRE"]
[SourceTitle "CBM 131 Extra"]
[Source "ChessBase"]
[SourceDate "2009.09.03"]
[SourceVersion "2"]
[SourceVersionDate "2009.09.16"]
[SourceQuality "1"]

1. d4 d5 2. c4 e6 3. Nc3 Nf6 4. Bg5 c6 5. e3 Nbd7 6. Nf3 Bb4 7. Qc2 Qa5 8. Nd2 0-0 9. Be2 Re8 10. 0-0 dxc4 11. Bxf6 Nxf6 12. Nxc4 Qc7 13. Rac1 Bd6 14. f4 Nd5 15. Ne4 Be7 16. Rf3 f5 17. Nc5 b6 18. Nd3 Bb7 19. a3 Rac8 20. Nce5 Qd8 21. Qa4 Qc7 22. b4 a6 23. Rh3 Bf6 24. Kf2 Qd6 25. Bf1 Red8 26. Qd1 g6 27. Be2 Bxe5 28. fxe5 Qe7 29. Qd2 Rf8 30. Rf3 Nc7 31. Rh3 g5 32. Kg1 Kh8 33. Rf1 Qg7 34. Rg3 Nd5 35. Qc2 g4 36. h3 h5 37. hxg4 fxg4 38. Nf4 Nxf4 39. Rxf4 Rxf4 40. exf4 Qd7 41. Qc3 Rf8 42. Qe3 Qe7 43. Bxg4 hxg4 44. Rxg4 Rf7 45. Rg6 Rg7 46. Qh3+ Kg8 47. Qxe6+ Qxe6 48. Rxe6 Kf7 49. Rd6 Ke8 50. Kf2 Rd7 51. Rxd7 Kxd7 52. f5 a5 53. g4 axb4 54. axb4 Ba6 55. Ke3 Ke7 56. Kf4 Kf7 57. e6+ Ke7 58. Ke5 Be2 59. g5 Bh5 60. f6+ Kf8 61. Kd6 Bf3 62. g6 Bh5 63. g7+ Kg8 64. Ke7 1-0

[Event "GRE-chT 37th"]
[Site "Kallithea"]
[Date "2009.07.05"]
[Round "5"]
[White "Sandalakis, Nikolaos"]
[Black "Kirgeridis, Panagiotis"]
[Result "1-0"]
[WhiteElo "1892"]
[BlackElo "2039"]
[PlyCount "41"]
[EventDate "2009.07.03"]
[EventType "team-tourn"]
[EventRounds "9"]
[EventCountry "GRE"]
[SourceTitle "CBM 131 Extra"]
[Source "ChessBase"]
[SourceDate "2009.09.03"]
[SourceVersion "2"]
[SourceVersionDate "2009.09.16"]
[SourceQuality "1"]

1. e4 c5 2. Nf3 e6 3. d4 cxd4 4. Nxd4 Nf6 5. Nc3 d6 6. Bc4 a6 7. Bb3 Nbd7 8. 0-0 Nc5 9. Re1 Be7 10. f4 0-0 11. Qf3 Rb8 12. Be3 Qc7 13. a4 b6 14. Bf2 Bb7 15. Rac1 Kh8 16. g4 Rbe8 17. g5 Nfd7 18. Qh3 Qc8 19. Re3 Rg8 20. g6 fxg6 21. Qxh7+ 1-0

[Event "GRE-ch U18"]
[Site "Greece"]
[Date "2009.01.05"]
[Round "5"]
[White "Athanasiou, Georgios"]
[Black "Kirgeridis, Panagiotis"]
[Result "1-0"]
[WhiteElo "1915"]
[BlackElo "2061"]
[PlyCount "69"]
[EventDate "2009.01.02"]
[EventType "swiss"]
[EventRounds "9"]
[EventCountry "GRE"]
[SourceTitle "EXT 2011"]
[Source "ChessBase"]
[SourceDate "2010.11.26"]
[SourceVersion "1"]
[SourceVersionDate "2010.11.26"]
[SourceQuality "1"]

1. e4 c5 2. Nf3 e6 3. d4 cxd4 4. Nxd4 Nf6 5. Nc3 d6 6. Be2 Be7 7. 0-0 0-0 8. Be3 a6 9. f4 Qc7 10. g4 Nc6 11. g5 Nd7 12. h4 Qd8 13. a4 Nxd4 14. Bxd4 b6 15. f5 Ne5 16. a5 bxa5 17. Na4 Rb8 18. Bxe5 dxe5 19. Qxd8 Rxd8 20. f6 gxf6 21. gxf6 Bf8 22. b3 Bb7 23. Bd3 Rd4 24. Rfe1 Bb4 25. Re3 Rbd8 26. Kf2 Bc6 27. Rg1+ Kh8 28. Nb2 Bb5 29. Rg7 R4d7 30. Reg3 Bc5+ 31. Ke2 Bd4 32. R3g5 Rc8 33. Nc4 Bxc4 34. bxc4 Rxc4 35. Rg8# 1-0

[Event "Chalkidiki op"]
[Site "Chalkidiki"]
[Date "2008.04.29"]
[Round "1"]
[White "Kirgeridis, Panagiotis"]
[Black "Sandalakis, Angelos"]
[Result "0-1"]
[WhiteElo "1953"]
[BlackElo "2346"]
[PlyCount "70"]
[EventDate "2008.04.29"]
[EventType "swiss"]
[EventRounds "9"]
[EventCountry "GRE"]
[SourceTitle "CBM 123 Extra"]
[Source "ChessBase"]
[SourceDate "2008.05.06"]
[SourceVersion "1"]
[SourceVersionDate "2008.05.06"]
[SourceQuality "1"]

1. d4 Nf6 2. c4 e6 3. Nc3 Bb4 4. g3 0-0 5. Bg2 c5 6. Nf3 cxd4 7. Nxd4 d5 8. cxd5 Nxd5 9. Bd2 Bxc3 10. bxc3 e5 11. Nb3 Nc6 12. 0-0 Nde7 13. Nc5 Qc7 14. Nd3 Bf5 15. Nb4 Rad8 16. Nxc6 Nxc6 17. Qc1 Na5 18. Rd1 Nc4 19. Be1 h6 20. Bd5 b6 21. Bxc4 Qxc4 22. Qe3 f6 23. Rd2 Rxd2 24. Qxd2 Rf7 25. a4 Rd7 26. Qb2 Be6 27. Qc2 Bf7 28. Rb1 Rd5 29. Rb4 Qc6 30. Qe4 Qd7 31. Qc2 Rd1 32. Rb1 Rxb1 33. Qxb1 Qxa4 34. Bd2 Qc4 35. Qe1 Qd5 0-1

[Event "GRE-ch U16"]
[Site "Chalkidiki"]
[Date "2007.06.29"]
[Round "7"]
[White "Kourousis, Epaminondas"]
[Black "Kirgeridis, Panagiotis"]
[Result "1/2-1/2"]
[WhiteElo "2078"]
[BlackElo "1969"]
[PlyCount "98"]
[EventDate "2007.06.25"]
[EventType "swiss"]
[EventRounds "9"]
[EventCountry "GRE"]
[SourceTitle "EXT 2009"]
[Source "ChessBase"]
[SourceDate "2008.11.26"]
[SourceVersion "1"]
[SourceVersionDate "2008.11.26"]
[SourceQuality "1"]

1. d4 Nf6 2. c4 c5 3. d5 e6 4. Nc3 exd5 5. cxd5 d6 6. e4 g6 7. Nf3 Bg7 8. h3 0-0 9. Bd3 b5 10. Bxb5 Nxe4 11. Nxe4 Qa5+ 12. Nfd2 Qxb5 13. Nxd6 Qa6 14. N2c4 Rd8 15. Qe2 Bb7 16. Nxb7 Qxb7 17. 0-0 Qxd5 18. Be3 Nc6 19. Rac1 Rab8 20. b3 Rb7 21. Na5 Re7 22. Nxc6 Qxc6 23. Qc4 Rd5 24. Rfd1 Red7 25. Rxd5 Rxd5 26. Bxc5 Rg5 27. g3 Qf3 28. Bd6 h5 29. Re1 Rd5 30. Qf4 Qxf4 31. Bxf4 Kf8 32. Rc1 Bd4 33. h4 Ke7 34. Rc7+ Ke6 35. Rc6+ Kf5 36. Ra6 Bb6 37. Kf1 f6 38. Ke2 g5 39. hxg5 fxg5 40. Be3 Re5 41. Kf3 Rb5 42. Ra4 Bxe3 43. Kxe3 a5 44. f4 Kg4 45. Kf2 Rf5 46. Kg2 gxf4 47. gxf4 h4 48. Kh2 h3 49. a3 Rb5 1/2-1/2

[Event "GRE-ch U16"]
[Site "Chalkidiki"]
[Date "2007.06.28"]
[Round "5"]
[White "Kafetzopoulos, Anastasios"]
[Black "Kirgeridis, Panagiotis"]
[Result "0-1"]
[WhiteElo "1904"]
[BlackElo "1969"]
[PlyCount "88"]
[EventDate "2007.06.25"]
[EventType "swiss"]
[EventRounds "9"]
[EventCountry "GRE"]
[SourceTitle "EXT 2009"]
[Source "ChessBase"]
[SourceDate "2008.11.26"]
[SourceVersion "1"]
[SourceVersionDate "2008.11.26"]
[SourceQuality "1"]

1. d4 Nf6 2. c4 e6 3. Nf3 c5 4. d5 d6 5. Nc3 exd5 6. cxd5 g6 7. Nd2 a6 8. a4 b6 9. Nc4 Bf5 10. Bg5 h6 11. Bf4 Nh5 12. Bg3 Nxg3 13. hxg3 Ra7 14. Qd2 Rb7 15. g4 Bc8 16. Ne4 b5 17. axb5 axb5 18. Qc3 bxc4 19. Qxh8 Qb6 20. f3 Ke7 21. Rb1 Nd7 22. Qc3 Qb4 23. f4 Nb6 24. Qxb4 cxb4 25. Nd2 Bxg4 26. e4 Rc7 27. Rc1 c3 28. bxc3 bxc3 29. Nb3 Bg7 30. Kf2 Bd7 31. Ke3 Nc4+ 32. Bxc4 Rxc4 33. Nd2 Rc8 34. Nf3 c2 35. Nd4 Rc3+ 36. Kd2 Bxd4 37. Rxc2 Rg3 38. Rxh6 Rxg2+ 39. Kc1 Be3+ 40. Kb2 Rxc2+ 41. Kxc2 Bxf4 42. Rh1 Kf6 43. Rb1 g5 44. Kd3 Bh3 0-1

[Event "GRE-ch U12"]
[Site "Chania"]
[Date "2003.04.23"]
[Round "6"]
[White "Ketzetzis, Georgios"]
[Black "Kirgeridis, Panagiotis"]
[Result "0-1"]
[WhiteElo "1375"]
[BlackElo "1670"]
[PlyCount "66"]
[EventDate "2003.04.??"]
[EventType "swiss"]
[EventRounds "7"]
[EventCountry "GRE"]
[SourceTitle "EXT 2005"]
[Source "ChessBase"]
[SourceDate "2004.11.15"]
[SourceVersion "1"]
[SourceVersionDate "2004.11.15"]
[SourceQuality "1"]

1. e4 c5 2. Nc3 Nc6 3. f4 e5 4. d3 Nge7 5. g3 g6 6. Bg2 Bg7 7. Nf3 d6 8. 0-0 0-0 9. Kh1 a6 10. a4 Rb8 11. Be3 Nd4 12. h3 b5 13. axb5 axb5 14. g4 b4 15. Bxd4 cxd4 16. Ne2 Qb6 17. Ng3 f5 18. g5 fxe4 19. dxe4 Rxf4 20. h4 Bb7 21. Qd3 Rbf8 22. h5 gxh5 23. Nxh5 Bxe4 24. Ra6 Qc7 25. Qd2 R4f7 26. Nxg7 Kxg7 27. Kh2 Bxf3 28. Bxf3 Rxf3 29. Rxf3 Rxf3 30. Qe2 Re3 31. Qh5 Nf5 32. Ra8 Qc5 33. g6 Qxc2+ 0-1

[Event "GRE-ch U12"]
[Site "Chania"]
[Date "2003.04.22"]
[Round "4"]
[White "Pambalos, Panayiotis"]
[Black "Kirgeridis, Panagiotis"]
[Result "1-0"]
[WhiteElo "1495"]
[BlackElo "1670"]
[PlyCount "43"]
[EventDate "2003.04.??"]
[EventType "swiss"]
[EventRounds "7"]
[EventCountry "GRE"]
[SourceTitle "EXT 2005"]
[Source "ChessBase"]
[SourceDate "2004.11.15"]
[SourceVersion "1"]
[SourceVersionDate "2004.11.15"]
[SourceQuality "1"]

1. e4 c5 2. c3 Nf6 3. e5 Nd5 4. d4 cxd4 5. Nf3 e6 6. cxd4 d6 7. Bc4 Nb6 8. Bd3 Nc6 9. 0-0 dxe5 10. dxe5 Be7 11. a3 0-0 12. Nc3 a6 13. Re1 Qc7 14. Ng5 h6 15. Nh7 Rd8 16. Nf6+ Bxf6 17. exf6 g6 18. Bxh6 Nc4 19. Bg7 N6e5 20. Re4 Nd7 21. Rh4 Nxf6 22. Bxf6 1-0

[Event "GRE-ch U12"]
[Site "Chania"]
[Date "2003.04.21"]
[Round "3"]
[White "Kirgeridis, Panagiotis"]
[Black "Milonas, Konstantinos"]
[Result "1-0"]
[WhiteElo "1670"]
[BlackElo "1270"]
[PlyCount "96"]
[EventDate "2003.04.??"]
[EventType "swiss"]
[EventRounds "7"]
[EventCountry "GRE"]
[SourceTitle "EXT 2005"]
[Source "ChessBase"]
[SourceDate "2004.11.15"]
[SourceVersion "1"]
[SourceVersionDate "2004.11.15"]
[SourceQuality "1"]

1. d4 d5 2. c4 dxc4 3. Nf3 Nf6 4. e3 e6 5. Bxc4 c5 6. Nc3 a6 7. Bb3 Nc6 8. 0-0 cxd4 9. exd4 Be7 10. Re1 0-0 11. d5 exd5 12. Nxd5 Bb4 13. Nxb4 Qxd1 14. Rxd1 Nxb4 15. Bf4 Bg4 16. Bd6 Bxf3 17. gxf3 Nc6 18. Bxf8 Kxf8 19. Rac1 Re8 20. Kf1 Ne5 21. Rc7 Re7 22. Rd8+ Ne8 23. Rxe7 Kxe7 24. Rb8 b5 25. Rb7+ Kf6 26. f4 Nc4 27. Bxc4 bxc4 28. Rb6+ Kf5 29. Rxa6 Kxf4 30. Rc6 Nf6 31. Rxc4+ Kf3 32. Rc7 Ke4 33. Rxf7 Ng4 34. Rxg7 Nxh2+ 35. Kg2 Nf3 36. Rg4+ Kf5 37. Kxf3 h5 38. Re4 h4 39. Rxh4 Ke5 40. a4 Kf5 41. a5 Kg5 42. Rg4+ Kf5 43. a6 Kf6 44. a7 Ke5 45. a8Q Ke6 46. Qd8 Kf5 47. Qd5+ Kf6 48. Re4 Kg6 1-0

[Event "GRE-ch U12"]
[Site "Chania"]
[Date "2003.04.20"]
[Round "1"]
[White "Kirgeridis, Panagiotis"]
[Black "Makris, Ioannis"]
[Result "1/2-1/2"]
[WhiteElo "1670"]
[BlackElo "1075"]
[PlyCount "42"]
[EventDate "2003.04.??"]
[EventType "swiss"]
[EventRounds "7"]
[EventCountry "GRE"]
[SourceTitle "EXT 2005"]
[Source "ChessBase"]
[SourceDate "2004.11.15"]
[SourceVersion "1"]
[SourceVersionDate "2004.11.15"]
[SourceQuality "1"]

1. d4 Nf6 2. c4 e6 3. Nc3 Bb4 4. g3 0-0 5. Bg2 d5 6. Nf3 Ne4 7. Qc2 Bxc3+ 8. bxc3 b6 9. 0-0 Bb7 10. Rd1 c5 11. Rb1 Re8 12. Be3 Nd7 13. dxc5 Ndxc5 14. cxd5 exd5 15. Rb4 Qf6 16. Bd4 Qc6 17. c4 Red8 18. Bxc5 Qxc5 19. Rb5 Qxf2+ 20. Kh1 Qe3 21. Rf1 Nf2+ 1/2-1/2

[Event "GRE-ch U10"]
[Site "Greece"]
[Date "2001.04.11"]
[Round "6"]
[White "Kirgeridis, Panagiotis"]
[Black "Iskos, Alexandros"]
[Result "1-0"]
[WhiteElo "1270"]
[BlackElo "1625"]
[PlyCount "68"]
[EventDate "2001.04.??"]
[EventType "swiss"]
[EventRounds "7"]
[EventCountry "GRE"]
[SourceTitle "EXT 2003"]
[Source "ChessBase"]
[SourceDate "2002.11.25"]
[SourceVersion "1"]
[SourceVersionDate "2002.11.25"]
[SourceQuality "1"]

1. d4 Nf6 2. c4 e6 3. Nc3 Bb4 4. Bd2 b6 5. f3 Bb7 6. e4 d5 7. e5 Nfd7 8. cxd5 Qh4+ 9. g3 Qxd4 10. dxe6 Qxe5+ 11. Qe2 Qxe2+ 12. Bxe2 fxe6 13. Rc1 Nc6 14. Nb5 Bxd2+ 15. Kxd2 Rc8 16. Rxc6 Bxc6 17. Nxa7 Ra8 18. Nxc6 Rxa2 19. Kc3 Ra1 20. Bb5 Ra5 21. Nxa5 bxa5 22. Nh3 Ke7 23. Rd1 c6 24. Bxc6 Rc8 25. Rc1 Rxc6+ 26. Kd2 Rxc1 27. Kxc1 Ne5 28. Ng1 a4 29. Kc2 Nc4 30. Kc3 a3 31. bxa3 Nxa3 32. Kd3 Nb5 33. Ke4 Kf6 34. h4 Nd6+ 1-0